O parlamentnej činnosti poslancov píše Anna Lenická, Tlačový a informačný odbor Kancelárie NR SR

Bibliographic Details
Format: Article
Language:Slovak
Subjects:

MARC

LEADER 00000nab a2200000 a 4500
001 vtls000728800
003 SK-MaSNL
005 20260304015629.0
008 180205c2000 xo 0 slo
015 |a SNBRB2000/08-22020 
035 |a CLN000080946 
040 |a SNKBUCL  |b slo  |c SNKBUCL  |e AACR2 
041 0 |a slo 
044 |a xo  |c SK 
080 |a 342.534(437.6)  |2 UDC-MRF-SK2 
245 0 0 |a O parlamentnej činnosti poslancov píše Anna Lenická, Tlačový a informačný odbor Kancelárie NR SR 
610 1 7 |a Slovensko.  |b Národná rada  |2 snkbucl  |9 165573 
655 7 |a články z novín a časopisov  |2 snkbucl  |9 267496 
773 0 |t Verejná správa  |g Roč. 55, č. 13 (2000), s. 7 
850 |a Slovenská národná knižnica v Martine 
852 |a SNK  |b KIS3GCP 
958 |a RBX 
999 |c 2592821  |d 2594751